000 00733nam a2200193Ia 4500
003 GCL
008 140319s9999 xx 000 0 ara d
040 _aGCL /
_cGCL
082 0 4 _a338.962
_bج ت
100 1 _aجامعة الاسكندرية
245 1 0 _aتطور الراسمالية ومستقبل الاشتراكية فى مصر والوطن العربى /
_cجامعة الاسكندرية
300 _a346 ص
490 _aالهيئة العامة للاستعلامات
_v0
650 0 4 _aالراسمالية - مصر
650 0 4 _aالاشتراكية - مصر
650 0 4 _aالوطن العربى - الاحوال الاقتصادية
650 0 4 _aمصر - الاحوال الاقتصادية
942 _2ddc
_cBK
999 _c48503
_d48503